Rozpoznaj Kraj po opisie cz.1 - Statystyki

Ogólne statystyki
  • Ten quiz został rozwiązany 191 razy
    140 od ostatniego zresetowania
  • Średni wynik to 9 z 15
Statystyki odpowiedzi
Wskazówka Odpowiedź % Poprawnych
W tym kraju znajduje się najwyższy szczyt na świecie. Nepal
90%
Najmniejszy kraj pod względem mieszkańców na świecie. Watykan
90%
Kraj ten graniczy z Polską, a najpopularniejszy w nim sport to Koszykówka. Litwa
83%
Największy kraj w Afryce pod względem powierzchni. Algieria
82%
W tym kraju znajduje się największa pustynia w Europie. Polska
75%
Najmłodszy kraj na świecie. Sudan Południowy
72%
Ten kraj jest największym producentem kawy na świecie. Brazylia
71%
W tym kraju odbyły się Mistrzostwa Świata 2010 w Piłce Nożnej. Republika Południowej Afryki
67%
Z tego kraju pochodzi najszybsza osoba na świecie. Jamajka
57%
Stolicą tego kraju jest Kuala Lumpur. Malezja
54%
Kraj z najstarszą flagą na świecie. Dania
50%
Kraj ten jest obecnym Mistrzem Świata w Siatkówce. Włochy
49%
Najbiedniejszy kraj na świecie. Burundi
35%
W tym kraju znajduje się 10 razy więcej zwierząt niż ludzi. Mongolia
35%
Prezydentem tego kraju jest jedyny Afrykański zdobywca złotej piłki w Piłce Nożnej. Liberia
32%
Nie znaleziono quizów pasujących do podanych kryteriów
Rozkład punktacji
Procent ludzi z każdym wynikiem
Percentyl według liczby udzielonych odpowiedzi
Twoja historia wyników
Nie rozwiązałeś tego quizu od ostatniego zresetowania